[Event "4th Sinquefield Cup 2016"]
[Site "Saint Louis USA"]
[Date "2016.08.13"]
[Round "8.3"]
[White "Aronian,L"]
[Black "Nakamura,Hi"]
[Result "1-0"]
[WhiteElo "2792"]
[BlackElo "2791"]

1.d4 Nf6 2.c4 e6 3.Nf3 d5 4.Nc3 Be7 5.Bf4 O-O 6.e3 c5 7.dxc5 Bxc5 8.Bd3 dxc4
9.Bxc4 a6 10.Bd3 Nc6 11.O-O Nb4 12.Bb1 Qxd1 13.Rxd1 Nbd5 14.Nxd5 Nxd5 15.Be4 Nf6
16.Nd2 Re8 17.Bf3 e5 18.Bg3 Ra7 19.Rac1 b6 20.a3 Bd7 21.Nc4 e4 22.Be2 a5
23.Nd6 Re7 24.Nb5 Bxb5 25.Bxb5 Ra8 26.Kf1 Re6 27.Ke2 g5 28.Bc4 Ree8 29.h4 h6
30.hxg5 hxg5 31.Bd6 Kg7 32.Bb5 Bxd6 33.Rxd6 Re5 34.Rxb6 Rh8 35.Rb7 Rf5 36.Rf1 Rh2
37.Bc4 Ne8 38.Rb5 Rxb5 39.Bxb5 Nd6 40.Bd7 Kf6 41.Rc1 Rh8 42.b3 Ke7 43.Rc7 Rh1
44.Ra7 Ra1 45.g4 Rxa3 46.Ba4+ Kf8 47.Rxa5 Ra2+ 48.Kf1 f6 49.Ra8+ Ke7 50.Bc6 Rb2
51.Ra7+ Ke6 52.Bd7+ Ke7 53.Bf5+ Ke8 54.Be6 Rb1+ 55.Kg2 Rb2 56.Bd5 Rb1 57.Bc6+ Kf8
58.Rd7 Nf7 59.Bxe4 Rb2 60.Rb7 Nd6 61.Rb8+ Kg7 62.Bd5 Rd2 63.e4 f5 64.gxf5 Nxf5
65.Rb7+ Kh6 66.Rb6+ Kh7 67.Rb7+ Kh6 68.exf5 Rxd5 69.f6 Rd4 70.Kg3 Kg6 71.f7 Kg7
72.b4 Kf8 73.b5 Rb4 74.b6 Kg7 75.f3 Kf8 76.Kf2 Rb3 77.Ke2 Kg7 78.Kd2 Kf8
79.Kc2 Rb5 80.Kc3 Kg7 81.Kc4 Rb1 82.Kc5 Rc1+ 83.Kd6 Rb1 84.Ke7 Re1+ 85.Kd8 Re6
86.Kc7 Re3 87.Ra7  1-0

[Event "chess.com SF Blitz Extra 1m+1spm 2016"]
[Site "chess.com INT"]
[Date "2016.08.24"]
[Round "?"]
[White "Vachier Lagrave,M"]
[Black "Nakamura,Hi"]
[Result "1-0"]
[WhiteElo "2819"]
[BlackElo "2791"]

1.Nf3 g6 2.g3 Bg7 3.Bg2 d6 4.O-O Nc6 5.Re1 Bd7 6.e3 Qc8 7.d4 Bh3 8.c4 h5
9.Nc3 h4 10.Nxh4 Bf6 11.Nf3 Bxg2 12.Kxg2 Qh3+ 13.Kg1 g5 14.Nd5 g4 15.Nxc7+ Kd7
16.Nxa8 gxf3 17.Qxf3 Qxh2+ 18.Kf1 Bxd4 19.exd4 Qh3+ 20.Qg2 Qh1+ 21.Qxh1 Rxh1+
22.Ke2 Nxd4+ 23.Kd1 Rxe1+ 24.Kxe1 Nc2+ 25.Kd1 Nxa1 26.Be3 b6 27.Kc1 Kc6 28.Kb1 Kb7
29.Nxb6 axb6 30.Kxa1 Nf6 31.b3 Ng4 32.Kb2 e5 33.Kc3 f5 34.Kd3 Kc6 35.a4 e4+
36.Kd4 Ne5 37.b4 Nf3+ 38.Kc3 Ne5 39.b5+ Kc7 40.Kd4 Ng4 41.Kd5 Kd7 42.Bxb6 Nf6+
43.Kd4  1-0

[Event "chess.com SF Blitz 5m+2spm 2016"]
[Site "chess.com INT"]
[Date "2016.08.24"]
[Round "2"]
[White "Nakamura,Hi"]
[Black "Vachier Lagrave,M"]
[Result "1-0"]
[WhiteElo "2791"]
[BlackElo "2819"]

1.d4 Nf6 2.c4 g6 3.Nc3 d5 4.cxd5 Nxd5 5.e4 Nxc3 6.bxc3 Bg7 7.Qa4+ Qd7 8.Qb3 O-O
9.Be3 c5 10.d5 Qc7 11.Nf3 e6 12.Be2 exd5 13.exd5 Bf5 14.O-O Nd7 15.Rfd1 Qd6
16.Qxb7 Bxc3 17.Rac1 Ba5 18.Qc6 Bc7 19.Qxd6 Bxd6 20.Nd2 Nb6 21.g4 Bd7 22.Ne4 Be5
23.Nxc5 Rad8 24.Bg5 f6 25.Be3 Rfe8 26.Nxd7  1-0

[Event "chess.com SF Blitz 5m+2spm 2016"]
[Site "chess.com INT"]
[Date "2016.08.24"]
[Round "3"]
[White "Vachier Lagrave,M"]
[Black "Nakamura,Hi"]
[Result "1/2-1/2"]
[WhiteElo "2819"]
[BlackElo "2791"]

1.e4 e5 2.Nf3 Nc6 3.Bb5 Nf6 4.O-O Nxe4 5.d4 Nd6 6.Bxc6 dxc6 7.dxe5 Nf5 8.Qxd8+ Kxd8
9.h3 Ke8 10.Nc3 h5 11.Rd1 Be7 12.Ne2 b6 13.Bg5 Ba6 14.Nf4 f6 15.Ng6 fxg5
16.Nxh8 Be2 17.Ng6 Bxd1 18.Rxd1 g4 19.hxg4 hxg4 20.Nxe7 Kxe7 21.Nd4 Nxd4
22.Rxd4 g3 23.Rg4 gxf2+ 24.Kxf2 Kf7 25.Ke3 Rd8 26.Rd4 Rd5 27.Re4 Ke6 28.Rh4 Rxe5+
29.Kf3 Rf5+ 30.Ke3 Rg5 31.Kf3 a5 32.Re4+ Kf6 33.Rf4+ Ke6 34.Re4+ Kf6 35.Rf4+ Ke6  1/2-1/2

[Event "chess.com SF Blitz 5m+2spm 2016"]
[Site "chess.com INT"]
[Date "2016.08.24"]
[Round "4"]
[White "Nakamura,Hi"]
[Black "Vachier Lagrave,M"]
[Result "1/2-1/2"]
[WhiteElo "2791"]
[BlackElo "2819"]

1.d4 Nf6 2.c4 g6 3.Nc3 d5 4.cxd5 Nxd5 5.e4 Nxc3 6.bxc3 Bg7 7.Qa4+ Nd7 8.Nf3 O-O
9.Qa3 b6 10.Bd3 Bb7 11.Bc2 e5 12.O-O Re8 13.d5 Qe7 14.Qxe7 Rxe7 15.Ba3 Ree8
16.Ba4 Rad8 17.Rfd1 Bf8 18.Bxf8 Kxf8 19.c4 Re7 20.d6 cxd6 21.Rxd6 Bxe4 22.Rad1 Bf5
23.h3 f6 24.g4 Be6 25.g5 fxg5 26.Nxg5 Bf5 27.f3 h6 28.Ne4 Bxh3 29.Nf6 Nxf6
30.Rxd8+ Kg7 31.Bc6 Bf5 32.Rb8 h5 33.a4 Kh6 34.Rb7 Rxb7 35.Bxb7 Kg5 36.Rd8 Kf4
37.Ra8 Kg3 38.Rxa7 h4 39.Ra6 Nd7 40.Bc8 Nc5 41.Rxb6 Bxc8 42.Rc6 h3 43.Rxg6+ Kxf3
44.Rc6 Bb7 45.Rc7 Be4 46.a5 Nd3 47.Kh2 Nf4 48.a6 Ke3 49.a7 Ne6 50.Rc8 Kd4
51.a8=Q Bxa8 52.Rxa8 Kxc4 53.Ra5 Nc5 54.Kxh3 e4 55.Kg3 Kd4 56.Ra8 Nd3 57.Rd8+ Ke3
58.Re8 Kd4 59.Rxe4+ Kxe4  1/2-1/2

[Event "chess.com SF Blitz 5m+2spm 2016"]
[Site "chess.com INT"]
[Date "2016.08.24"]
[Round "5"]
[White "Vachier Lagrave,M"]
[Black "Nakamura,Hi"]
[Result "1-0"]
[WhiteElo "2819"]
[BlackElo "2791"]

1.e4 e5 2.Nf3 Nc6 3.Bb5 Nf6 4.O-O Nxe4 5.d4 Nd6 6.Bxc6 dxc6 7.dxe5 Nf5 8.Qxd8+ Kxd8
9.h3 Ke8 10.Nc3 h5 11.Bf4 Be7 12.Rad1 Be6 13.Ng5 Rh6 14.Rfe1 Bb4 15.g4 hxg4
16.hxg4 Ne7 17.f3 Bxc3 18.bxc3 Nd5 19.Bd2 Nb6 20.Nxe6 Rxe6 21.Kf2 Rd8 22.Bg5 Rxd1
23.Rxd1 f6 24.exf6 gxf6 25.Bf4 Nd5 26.Bd2 b5 27.Rh1 Kf7 28.Rh7+ Kg8 29.Rd7 Rd6
30.Rxd6 cxd6 31.f4 f5 32.gxf5 Kf7 33.Kf3 Kf6 34.Ke4 Nb6 35.Be3 c5 36.Bf2 d5+
37.Kf3 Na4 38.Kg4 a5 39.a3 Kf7 40.Be3 Kf6 41.Bf2 Kf7 42.f6 Kxf6 43.f5 Ke5
44.Bg3+ Kf6 45.Bh4+ Kf7 46.Bf2 Kg7 47.Kf4 Kf6 48.Be3 Nxc3 49.Bxc5 Ne2+ 50.Kf3 Nc1
51.Be3 Na2 52.Kf4 b4 53.a4 Kf7 54.Bb6 Nc3 55.Bxa5 Nxa4 56.Ke5 Nb2 57.Kxd5  1-0

[Event "chess.com SF Blitz 5m+2spm 2016"]
[Site "chess.com INT"]
[Date "2016.08.24"]
[Round "6"]
[White "Nakamura,Hi"]
[Black "Vachier Lagrave,M"]
[Result "0-1"]
[WhiteElo "2791"]
[BlackElo "2819"]

1.d4 Nf6 2.c4 g6 3.Nc3 d5 4.cxd5 Nxd5 5.Qa4+ Nc6 6.Nf3 Bg7 7.e3 O-O 8.Be2 e5
9.Nxd5 Qxd5 10.dxe5 Nxe5 11.Nxe5 Qxe5 12.O-O Rd8 13.Qb3 b6 14.Bc4 Rd7 15.f3 Bb7
16.e4 Rad8 17.Rb1 a6 18.a4 Bf8 19.Be3 Bd6 20.g3 Bc5 21.Rfe1 Kg7 22.Bf1 Rd2
23.Bxc5 Qxc5+ 24.Qe3 Qxe3+ 25.Rxe3 a5 26.b4 axb4 27.Rxb4 Rd1 28.Kf2 R8d2+
29.Be2 Ba6 30.f4 Rh1  0-1

[Event "chess.com SF Blitz 5m+2spm 2016"]
[Site "chess.com INT"]
[Date "2016.08.24"]
[Round "7"]
[White "Vachier Lagrave,M"]
[Black "Nakamura,Hi"]
[Result "0-1"]
[WhiteElo "2819"]
[BlackElo "2791"]

1.e4 e5 2.Nf3 Nc6 3.Bb5 Nf6 4.O-O Nxe4 5.Re1 Nd6 6.Nxe5 Be7 7.Bf1 Nf5 8.Nf3 O-O
9.d4 d5 10.g3 Re8 11.Nc3 Be6 12.Ne2 g5 13.Bg2 Bf6 14.c3 h6 15.Bd2 Nd6 16.Nc1 Bf5
17.Rxe8+ Qxe8 18.Nb3 Nc4 19.Bc1 b6 20.Nbd2 Nxd2 21.Bxd2 Be4 22.h4 g4 23.Nh2 h5
24.f3 gxf3 25.Bxf3 Qe6 26.Bxe4 Qxe4 27.Qxh5 Nxd4 28.Qg4+ Qxg4 29.Nxg4 Nf3+
30.Kf2 Nxd2 31.Nxf6+ Kg7 32.Nxd5 Rd8 33.Ne3 Ne4+ 34.Kf3 Nd2+ 35.Ke2 Ne4 36.Nf5+ Kg6
37.Rf1 Re8 38.Kd3 Nc5+ 39.Kd2 Ne4+ 40.Kc2 Re5 41.g4 Nf6 42.h5+ Kg5 43.Nd4 Rd5
44.h6 Kg6 45.Nf5 Rd7 46.Nh4+ Kxh6 47.g5+ Kxg5 48.Nf3+ Kf5 49.Nd4+ Kg6 50.Rg1+ Kh5
51.Rh1+ Kg6 52.Rg1+ Kh5 53.Rh1+ Kg5 54.Rg1+ Ng4 55.b4 f5 56.b5 f4 57.Kd3 Re7
58.Nf3+ Kh5 59.Kd4 Re3 60.Rf1 Nf6 61.c4 Re4+ 62.Kd3 Kg4 63.Nd2 Re3+ 64.Kd4 Re2
65.Kd3 Re3+ 66.Kd4 Kf5 67.a4 Ra3 68.Re1 Nd7 69.Ne4 Ne5  0-1

[Event "chess.com SF Blitz 5m+2spm 2016"]
[Site "chess.com INT"]
[Date "2016.08.24"]
[Round "8"]
[White "Nakamura,Hi"]
[Black "Vachier Lagrave,M"]
[Result "1/2-1/2"]
[WhiteElo "2791"]
[BlackElo "2819"]

1.d4 Nf6 2.c4 g6 3.Nc3 d5 4.cxd5 Nxd5 5.e4 Nxc3 6.bxc3 Bg7 7.Qa4+ Nd7 8.Nf3 O-O
9.Qa3 b6 10.Bd3 Bb7 11.Bc2 e5 12.O-O Re8 13.d5 Nc5 14.c4 Bf8 15.Qc3 Bd6 16.Rd1 Bc8
17.h3 Bd7 18.Nd2 Qh4 19.Ba3 Qe7 20.Bb2 Rf8 21.Qg3 Rae8 22.Nb3 f5 23.exf5 Bxf5
24.Bxf5 Rxf5 25.Nxc5 Bxc5 26.Rd2 Ref8 27.Rf1 Rg5 28.Qd3 h5 29.Re2 Kh7 30.Kh1 Bd6
31.f3 Rgf5 32.Rfe1 Qg5 33.Re4 Qg3 34.Rf1 Qg5 35.Bc1 Qf6 36.Rfe1 Bb4 37.R1e2 Bd6
38.Bb2 Qg5 39.Qd1 Qg3 40.R2e3 Rg5 41.Qf1 Rf4 42.Bc3 Rxe4 43.Rxe4 Rf5 44.h4 Rf4
45.Qe1 Qxe1+ 46.Bxe1 Rxe4 47.fxe4 Kg7  1/2-1/2

[Event "chess.com SF Blitz 5m+2spm 2016"]
[Site "chess.com INT"]
[Date "2016.08.24"]
[Round "9"]
[White "Vachier Lagrave,M"]
[Black "Nakamura,Hi"]
[Result "1/2-1/2"]
[WhiteElo "2819"]
[BlackElo "2791"]

1.c4 Nf6 2.Nc3 e6 3.e4 d5 4.e5 d4 5.exf6 dxc3 6.bxc3 Qxf6 7.Nf3 Nc6 8.d4 e5
9.Bg5 Qg6 10.h4 h6 11.h5 Qf5 12.Be3 exd4 13.Nxd4 Nxd4 14.Qxd4 Be7 15.Bd3 Qg4
16.Qe5 Be6 17.Qb5+ c6 18.Qxb7 Rc8 19.Qxa7 Qxg2 20.O-O-O Qf3 21.Rhg1 Bf6 22.Bc5 Qf4+
23.Rd2 Qe5 24.Bd4 Qc7 25.Qxc7 Rxc7 26.f4 Bxd4 27.cxd4 f5 28.Re2 Kf7 29.Rge1 Bc8
30.c5 Rd8 31.Bc4+ Kf8 32.Re5 g6 33.hxg6 Rxd4 34.Bb3 Re4 35.R1xe4 fxe4 36.Kd2 Kg7
37.Ke3 Kxg6 38.Kxe4 Kf6 39.Re8 Bf5+ 40.Ke3 Rd7 41.Bc4 h5 42.a4 h4 43.a5 h3
44.Rh8 Re7+ 45.Kd4 Bh7 46.Bf1 Kg7 47.Rxh7+ Kxh7 48.Bxh3 Ra7 49.Bg2 Kg6 50.Ke5 Rxa5
51.Be4+ Kg7 52.Kd6 Ra4 53.Bxc6 Rxf4 54.Bd5 Rf1 55.c6 Rc1 56.c7 Rxc7 57.Kxc7  1/2-1/2

[Event "chess.com SF Blitz 3m+2spm 2016"]
[Site "chess.com INT"]
[Date "2016.08.24"]
[Round "11"]
[White "Vachier Lagrave,M"]
[Black "Nakamura,Hi"]
[Result "0-1"]
[WhiteElo "2819"]
[BlackElo "2791"]

1.e4 e5 2.Nf3 Nc6 3.Bb5 Nf6 4.d3 Bc5 5.c3 O-O 6.O-O Re8 7.Nbd2 a6 8.Bxc6 dxc6
9.Nc4 Bg4 10.Bg5 h6 11.Bh4 b5 12.Na5 Qd7 13.h3 Bxf3 14.Qxf3 Re6 15.Rad1 Bb6
16.Nb3 Rae8 17.d4 exd4 18.Nxd4 Bxd4 19.Rxd4 Qe7 20.Bxf6 Rxf6 21.Qd1 c5 22.Rd7 Qxe4
23.Rxc7 Rg6 24.g3 c4 25.Qd7 Rf6 26.Rc8 Rxc8 27.Qxc8+ Kh7 28.Qc5 Qe2 29.b3 Qxa2
30.bxc4 bxc4 31.Re1 a5 32.Re7 a4 33.Ra7 Qa1+ 34.Kh2 Qxc3 35.Rxa4 Qc2 36.Qxc4  0-1

[Event "chess.com SF Blitz 3m+2spm 2016"]
[Site "chess.com INT"]
[Date "2016.08.24"]
[Round "12"]
[White "Nakamura,Hi"]
[Black "Vachier Lagrave,M"]
[Result "1-0"]
[WhiteElo "2791"]
[BlackElo "2819"]

1.d4 Nf6 2.c4 g6 3.Nc3 d5 4.cxd5 Nxd5 5.e4 Nxc3 6.bxc3 Bg7 7.Qa4+ Nd7 8.Nf3 O-O
9.Qa3 b6 10.Bd3 Bb7 11.Bc2 e5 12.O-O Re8 13.d5 Bf8 14.Qb2 Bd6 15.c4 Qe7 16.Bg5 f6
17.Be3 Rf8 18.Rae1 Nc5 19.Nd2 a5 20.f3 Ba6 21.Bf2 Rae8 22.Re2 Qd7 23.Rfe1 Re7
24.Qc3 Na4 25.Qb3 Nc5 26.Qc3 Na4 27.Qb3 Nc5 28.Qb1 Rg7 29.Be3 Re8 30.g4 g5
31.Rg2 h5 32.gxh5 Qh3 33.Bd1 Rh7 34.f4 exf4 35.Bg4 Qxe3+ 36.Rxe3 fxe3 37.e5 Rxe5
38.Nf3 Ree7 39.h4 Bxc4 40.hxg5 Bd3 41.gxf6 Reg7 42.Qe1 Rxg4 43.Rxg4+  1-0

[Event "chess.com SF Blitz 3m+2spm 2016"]
[Site "chess.com INT"]
[Date "2016.08.24"]
[Round "13"]
[White "Vachier Lagrave,M"]
[Black "Nakamura,Hi"]
[Result "1/2-1/2"]
[WhiteElo "2819"]
[BlackElo "2791"]

1.e4 e5 2.Nf3 Nc6 3.Bb5 Nf6 4.O-O Nxe4 5.d4 Nd6 6.Bxc6 dxc6 7.dxe5 Nf5 8.Qxd8+ Kxd8
9.h3 Ke8 10.Nc3 h5 11.Bf4 Be7 12.Rad1 Be6 13.Ng5 Rh6 14.Rfe1 Bb4 15.g4 hxg4
16.hxg4 Ne7 17.f3 Bxc3 18.bxc3 Nd5 19.Bd2 Nb6 20.Nxe6 Rxe6 21.Kf2 Rd8 22.Bg5 Rxd1
23.Rxd1 f6 24.exf6 gxf6 25.Be3 Nd5 26.Bd2 b5 27.Rh1 Kf7 28.Rh7+ Kg8 29.Rd7 Rd6
30.Rxd6 cxd6 31.f4 f5 32.gxf5 Ne7 33.Kf3 Nxf5 34.Kg4 Ne7 35.f5 Nd5 36.Kf3 Kf7
37.Ke4 Nf6+ 38.Kf4 Nd5+ 39.Ke4 Nf6+ 40.Kf4 a6 41.Be1 Nd5+ 42.Ke4 Nf6+ 43.Kf4 Nd7
44.Bg3 Nf6 45.Ke3 d5 46.Kd4 Ne4 47.Bh4 a5 48.c4 bxc4 49.a4 Nd6 50.Ke5 Ne4
51.Kd4 Nd6 52.Kc5 Nxf5 53.Be1 d4 54.Kxc4 Ne3+ 55.Kd3 Ke6 56.Bxa5 Nxc2 57.Kxc2 d3+
58.Kxd3 Kd7 59.Bc7 Kc8 60.Kc4 Kxc7 61.Kc5 Kb8 62.a5 Ka8 63.a6 Ka7 64.Kxc6 Kxa6  1/2-1/2

[Event "chess.com SF Blitz 3m+2spm 2016"]
[Site "chess.com INT"]
[Date "2016.08.24"]
[Round "14"]
[White "Nakamura,Hi"]
[Black "Vachier Lagrave,M"]
[Result "1-0"]
[WhiteElo "2791"]
[BlackElo "2819"]

1.d4 Nf6 2.c4 g6 3.Nc3 d5 4.cxd5 Nxd5 5.e4 Nxc3 6.bxc3 Bg7 7.Qa4+ Qd7 8.Qb3 O-O
9.Nf3 c5 10.d5 e6 11.Be3 exd5 12.exd5 b6 13.Bb5 Qd6 14.O-O Bd7 15.a4 Bxb5
16.axb5 Nd7 17.Ra4 Ne5 18.Nxe5 Bxe5 19.g3 Rfd8 20.Rd1 Rd7 21.Bf4 Bxf4 22.Rxf4 Re8
23.c4 Re2 24.Qc3 Rde7 25.Rf6 Qd7 26.d6 R7e4 27.Qf3 Qh3 28.Qxe4 Rxe4 29.d7 Re1+
30.Rxe1 Qxd7 31.h4 h5 32.Rf4 Kg7 33.Re5 f5 34.Rd5 Qe6 35.Kh2 Qe2 36.Rd7+  1-0

[Event "chess.com SF Blitz 3m+2spm 2016"]
[Site "chess.com INT"]
[Date "2016.08.24"]
[Round "15"]
[White "Vachier Lagrave,M"]
[Black "Nakamura,Hi"]
[Result "1/2-1/2"]
[WhiteElo "2819"]
[BlackElo "2791"]

1.d4 Nf6 2.Nf3 e6 3.g3 d5 4.Bg2 Be7 5.O-O O-O 6.c4 dxc4 7.Qc2 a6 8.a4 Bd7
9.Qxc4 Bc6 10.Bg5 Bd5 11.Qd3 c5 12.Nc3 Bc6 13.Rfd1 cxd4 14.Nxd4 Bxg2 15.Kxg2 Nbd7
16.Qf3 Qb6 17.a5 Qa7 18.Be3 Qb8 19.Nb3 Rc8 20.Ra4 Rc6 21.Bg5 Qe8 22.Rad4 h6
23.Bxf6 Nxf6 24.e4 e5 25.R4d3 Rac8 26.Nd5 Nxd5 27.Rxd5 Bb4 28.Qf5 g6 29.Qd7 Qxd7
30.Rxd7 R8c7 31.R7d5 Rc2 32.Rxe5 Rxb2 33.Nd4 Bc3 34.Re8+ Kg7 35.e5 Bxd4 36.Rxd4 Re2
37.Rf4 g5 38.Rf5 Kg6 39.Rf6+ Kg7 40.Rf5 Kg6 41.Rf6+ Kg7 42.Rf5  1/2-1/2

[Event "chess.com SF Blitz 3m+2spm 2016"]
[Site "chess.com INT"]
[Date "2016.08.24"]
[Round "16"]
[White "Nakamura,Hi"]
[Black "Vachier Lagrave,M"]
[Result "1-0"]
[WhiteElo "2791"]
[BlackElo "2819"]

1.d4 Nf6 2.c4 g6 3.Nc3 d5 4.cxd5 Nxd5 5.e4 Nxc3 6.bxc3 Bg7 7.Qa4+ Nd7 8.Nf3 O-O
9.Qa3 b6 10.Bg5 c5 11.Bd3 h6 12.Bh4 g5 13.Bg3 cxd4 14.cxd4 Nc5 15.O-O Nxd3
16.Qxd3 Bb7 17.Rad1 Rc8 18.Rfe1 Qd7 19.Qa3 a6 20.d5 Rc2 21.Nd4 Bxd4 22.Rxd4 Rfc8
23.h3 b5 24.Red1 R8c3 25.Qa5 f6 26.Qb6 Kg7 27.e5 Rc1 28.e6 Qc8 29.d6 Rxd1+
30.Rxd1 exd6 31.Qxd6 Rc1 32.Qe7+ Kg6 33.Qf7+ Kf5 34.Rxc1 Qxc1+ 35.Kh2 Qc6
36.f3 Qd5 37.Bb8  1-0

[Event "chess.com SF Blitz 3m+2spm 2016"]
[Site "chess.com INT"]
[Date "2016.08.24"]
[Round "17"]
[White "Vachier Lagrave,M"]
[Black "Nakamura,Hi"]
[Result "0-1"]
[WhiteElo "2819"]
[BlackElo "2791"]

1.e4 e5 2.Nf3 Nc6 3.Bb5 Nf6 4.O-O Nxe4 5.Re1 Nd6 6.Nxe5 Be7 7.Bf1 Nf5 8.Nf3 O-O
9.d4 d5 10.g3 Re8 11.Nc3 Be6 12.Ne2 g5 13.Bg2 Bf6 14.c3 h6 15.Bd2 Nd6 16.Nc1 Bf5
17.Rxe8+ Qxe8 18.Nb3 Bg7 19.h4 f6 20.hxg5 hxg5 21.Nc5 Ne7 22.Qb3 b6 23.Na6 Rc8
24.Re1 Nf7 25.Nb4 c6 26.c4 dxc4 27.Qxc4 a5 28.Nd3 Qd7 29.Nc1 Nd5 30.Ne2 Nd6
31.Qb3 Be6 32.Nc3 Bf7 33.Nxd5 Bxd5 34.Qxb6 g4 35.Nh4 Nc4 36.Qc5 Bf8  0-1

[Event "chess.com SF Blitz 3m+2spm 2016"]
[Site "chess.com INT"]
[Date "2016.08.24"]
[Round "18"]
[White "Nakamura,Hi"]
[Black "Vachier Lagrave,M"]
[Result "1-0"]
[WhiteElo "2791"]
[BlackElo "2819"]

1.d4 d6 2.e4 Nf6 3.Nc3 e5 4.dxe5 dxe5 5.Qxd8+ Kxd8 6.Bc4 Ke8 7.Bg5 Be7 8.Nf3 Nbd7
9.Nb5 Bd8 10.Bxf6 gxf6 11.O-O-O a6 12.Nc3 c6 13.Ne2 b5 14.Bb3 Nc5 15.Ng3 a5
16.a3 Bg4 17.Ba2 Bc7 18.h3 Be6 19.Kb1 Rg8 20.Rhe1 Rd8 21.Rxd8+ Bxd8 22.Nh4 a4
23.Ka1 Bb6 24.Rd1 Nb7 25.Nh1 Ke7 26.g4 h5 27.Bxe6 Kxe6 28.gxh5 Nd6 29.Ng3 Bxf2
30.Nhf5 Nc4 31.b3 axb3 32.cxb3 Bd4+ 33.Kb1 Ne3 34.Rd3 c5 35.h6 c4 36.h7 Rh8
37.bxc4 bxc4 38.Rxe3 Bxe3 39.Nxe3 Rxh7 40.Ngf5 Rxh3 41.a4 Kd7 42.Kc2 Kc6
43.Nxc4 Kc5 44.Ncd6 Ra3 45.a5 Kb4 46.Nb7 Kb5 47.Nfd6+ Ka6 48.Nc5+ Kxa5 49.Nc4+ Kb4
50.Nxa3 Kxc5 51.Kd3 f5 52.exf5 Kd5 53.Nc4 e4+ 54.Kc3 e3 55.Kd3 e2 56.Ne3+ Ke5
57.Kxe2 Ke4 58.Kd2 Kf4 59.Kd3 Ke5 60.Ke2 Ke4 61.Kf2 Kf4 62.f6 Ke5 63.Ng4+ Kf4
64.Nh6  1-0

[Event "chess.com SF Blitz 3m+2spm 2016"]
[Site "chess.com INT"]
[Date "2016.08.24"]
[Round "19"]
[White "Vachier Lagrave,M"]
[Black "Nakamura,Hi"]
[Result "1/2-1/2"]
[WhiteElo "2819"]
[BlackElo "2791"]

1.d4 Nf6 2.c4 e6 3.Nc3 Bb4 4.a3 Bxc3+ 5.bxc3 c5 6.e3 Nc6 7.Bd3 b6 8.Nf3 d6
9.O-O O-O 10.e4 e5 11.d5 Ne7 12.Nh4 Ng6 13.Nf5 Nf4 14.Bxf4 exf4 15.Qf3 Bxf5
16.exf5 Re8 17.Qxf4 Qe7 18.Qd2 Qd7 19.Rae1 Qa4 20.Qc1 Ng4 21.f4 Rxe1 22.Rxe1 Re8
23.h3 Nf6 24.g4 h6 25.g5 Nh5 26.Kf2 Rxe1 27.Kxe1 Qe8+ 28.Kf2 hxg5 29.fxg5 Qe5
30.Qe3 Nf4 31.Bc2 Qxe3+ 32.Kxe3 Nxh3 33.g6 f6  1/2-1/2

[Event "chess.com SF Blitz 1m+1spm 2016"]
[Site "chess.com INT"]
[Date "2016.08.24"]
[Round "21"]
[White "Vachier Lagrave,M"]
[Black "Nakamura,Hi"]
[Result "0-1"]
[WhiteElo "2819"]
[BlackElo "2791"]

1.e4 e5 2.Nf3 Nc6 3.Bc4 Nf6 4.d3 Bc5 5.O-O O-O 6.c3 a6 7.d4 Bd6 8.dxe5 Bxe5
9.Nxe5 Nxe5 10.Bb3 Ng6 11.Re1 Re8 12.Bg5 h6 13.Bxf6 Qxf6 14.Nd2 d6 15.Qf3 Qxf3
16.Nxf3 Be6 17.Bc2 Ne5 18.Nd4 Nc6 19.Nxe6 fxe6 20.Rad1 e5 21.f3 Ne7 22.Bb3+ Kh8
23.Kf2 Rf8 24.Ke3 Rf6 25.g3 Raf8 26.Rf1 g5 27.Rf2 Kg7 28.Rdf1 Ng6 29.Bd5 Rb8
30.a3 Ne7 31.Bb3 Ng6 32.Bc2 Kf8 33.Bb3 Ke7 34.Bd5 Kd7 35.Rd2 c6 36.Bb3 Rbf8
37.Rdf2 Kc7 38.Bd1 R6f7 39.b4 Rf6 40.Bb3 b5 41.a4 Kb6 42.a5+ Kc7 43.c4 Rb8
44.c5 dxc5 45.bxc5 Rd8 46.Rd1 Rxd1 47.Bxd1 Nf8 48.Bb3 Nd7 49.Rc2 Kd8 50.Ba2 Ke7
51.Bb3 Rf8 52.Rc1 Rd8 53.Ba2 Nf6 54.Bb3 Rd4 55.Rc3 Rb4 56.Rd3 Nd7 57.Rc3 Nxc5
58.Rxc5 Rxb3+ 59.Kf2 Kd6  0-1

[Event "chess.com SF Blitz 1m+1spm 2016"]
[Site "chess.com INT"]
[Date "2016.08.24"]
[Round "22"]
[White "Nakamura,Hi"]
[Black "Vachier Lagrave,M"]
[Result "1-0"]
[WhiteElo "2791"]
[BlackElo "2819"]

1.b3 Nf6 2.Bb2 g6 3.e3 Bg7 4.Nf3 O-O 5.d4 d6 6.Be2 Nc6 7.O-O e5 8.dxe5 Ng4
9.c4 Ngxe5 10.Qd2 Nxf3+ 11.Bxf3 Ne5 12.Be2 Re8 13.Nc3 Bd7 14.Rad1 Bc6 15.Nd5 a5
16.Rfe1 b6 17.f4 Bxd5 18.cxd5 Nd7 19.Bxg7 Kxg7 20.Bb5 Re7 21.e4 Nc5 22.Qd4+ Kg8
23.e5 Qf8 24.Bc6 Rd8 25.Re3 Qg7 26.Rde1 dxe5 27.Rxe5 h5 28.h3 Qf6 29.Qe3 Rxe5
30.fxe5 Qe7 31.a3 Na6 32.Bb5 Nb8 33.Bc4 b5 34.Bxb5 Rxd5 35.Bc4 Rd8 36.Rf1 Rf8
37.Qh6  1-0

[Event "chess.com SF Blitz 1m+1spm 2016"]
[Site "chess.com INT"]
[Date "2016.08.24"]
[Round "23"]
[White "Vachier Lagrave,M"]
[Black "Nakamura,Hi"]
[Result "0-1"]
[WhiteElo "2819"]
[BlackElo "2791"]

1.e4 e5 2.Nf3 Nc6 3.Bb5 Nf6 4.O-O Nxe4 5.Re1 Nd6 6.Nxe5 Be7 7.Bf1 Nf5 8.Nf3 O-O
9.d4 d5 10.g3 Re8 11.Nc3 Be6 12.Ne2 g5 13.c3 h6 14.h3 Bf6 15.Bd2 Nd6 16.Nc1 Bg7
17.Nb3 Ne4 18.Nc5 Nxc5 19.dxc5 d4 20.cxd4 Nxd4 21.Nxd4 Qxd4 22.Be3 Qxd1 23.Rexd1 c6
24.Rd2 Rad8 25.Rad1 Rxd2 26.Rxd2 Bxa2 27.Rd7 Rb8 28.b4 Be6 29.Rd2 Bc3 30.Rc2 Bxb4
31.h4 gxh4 32.gxh4 a5 33.Bxh6 a4 34.Bd3 a3 35.f4 f5  0-1

[Event "chess.com SF Blitz 1m+1spm 2016"]
[Site "chess.com INT"]
[Date "2016.08.24"]
[Round "24"]
[White "Nakamura,Hi"]
[Black "Vachier Lagrave,M"]
[Result "1/2-1/2"]
[WhiteElo "2791"]
[BlackElo "2819"]

1.d4 d5 2.c4 e6 3.Nc3 Be7 4.cxd5 exd5 5.Bf4 c6 6.e3 Nf6 7.Bd3 Nbd7 8.h3 Nf8
9.Nf3 Ng6 10.Bh2 Bd6 11.Bxd6 Qxd6 12.O-O O-O 13.Rb1 Re8 14.b4 a6 15.a4 Ne4
16.Bxe4 dxe4 17.Nd2 f5 18.b5 axb5 19.axb5 Be6 20.bxc6 bxc6 21.Na4 Bd5 22.Nb6 Rab8
23.Nxd5 cxd5 24.Qa4 f4 25.Rxb8 Rxb8 26.Rb1 Rxb1+ 27.Nxb1 h6 28.Nc3 fxe3 29.fxe3 Kh7
30.Qd1 Ne7 31.Ne2 Nf5 32.Qd2 Qa3 33.Kf2 Qf8 34.Kg1 Qa3 35.Nc3 Qa5 36.Kf2 Nd6
37.Qc2 Qa8 38.Qb3 Nc4 39.Ne2 Qf8+ 40.Kg1 Nd2 41.Qd1 Nc4 42.Qc1 Qf5 43.Nc3 Qg5
44.Kf2 Qh4+ 45.Kg1 Qg5 46.Kf2 Nd6 47.Ne2 h5 48.Nf4 h4 49.Qd1 Nf5 50.Qh5+ Qxh5
51.Nxh5 Ne7 52.g3 g5 53.gxh4 Kg6 54.Ng3 gxh4 55.Ne2 Kf6 56.Nf4 Kf7 57.Ke2 Ke8
58.Kd2 Kd7 59.Ke2 Kd6 60.Kf2 Nf5 61.Ng6 Ke6 62.Nf4+ Kd6 63.Ke2 Ng3+  1/2-1/2

[Event "chess.com SF Blitz 1m+1spm 2016"]
[Site "chess.com INT"]
[Date "2016.08.24"]
[Round "25"]
[White "Vachier Lagrave,M"]
[Black "Nakamura,Hi"]
[Result "1-0"]
[WhiteElo "2819"]
[BlackElo "2791"]

1.d4 Nf6 2.c4 e6 3.Nc3 Bb4 4.e3 O-O 5.Ne2 c6 6.g3 d5 7.a3 Bd6 8.b3 e5 9.Bg2 e4
10.Qc2 Re8 11.h3 a6 12.Bd2 b5 13.c5 Bf8 14.a4 b4 15.Nd1 a5 16.f4 exf3 17.Bxf3 Ne4
18.Bxe4 Rxe4 19.Nf2 Bf5 20.O-O-O Rf4 21.Nxf4 Bxc2 22.Kxc2 Nd7 23.g4 Qe8 24.Rde1 Nf6
25.Rhf1 Ne4 26.Nxe4 Qxe4+ 27.Nd3 g6 28.Rf4 Qe6 29.e4 Bg7 30.e5 Rf8 31.Rff1 Qd7
32.Bg5 Re8 33.Bf6 Bxf6 34.Rxf6 Re6 35.Ref1 Qb7 36.Rxe6 fxe6 37.Rf6 Qc8 38.g5 h5
39.Rxg6+ Kf7 40.Rf6+ Kg8 41.h4 Kh7 42.Kd2 Kg8 43.Nf4 Qa6 44.Nxe6  1-0

[Event "chess.com SF Blitz 1m+1spm 2016"]
[Site "chess.com INT"]
[Date "2016.08.24"]
[Round "26"]
[White "Nakamura,Hi"]
[Black "Vachier Lagrave,M"]
[Result "1-0"]
[WhiteElo "2791"]
[BlackElo "2819"]

1.d3 g6 2.Nd2 Bg7 3.g3 d6 4.Bg2 e5 5.Ngf3 Ne7 6.O-O O-O 7.c3 c5 8.e4 Nbc6
9.Re1 h6 10.a3 f5 11.b4 b6 12.Bb2 f4 13.d4 g5 14.bxc5 dxc5 15.dxc5 g4 16.Nh4 f3
17.Bf1 Be6 18.Bc4 Qd7 19.Ndxf3 Qc8 20.Qb3 Bxc4 21.Qxc4+ Kh7 22.Nd2 Na5 23.Qb5 a6
24.Qe2 Qxc5 25.a4 Qc8 26.Ba3 Nac6 27.Nc4 Qe6 28.Nxb6 Rad8 29.Nd5  1-0

[Event "chess.com SF Blitz 1m+1spm 2016"]
[Site "chess.com INT"]
[Date "2016.08.24"]
[Round "27"]
[White "Vachier Lagrave,M"]
[Black "Nakamura,Hi"]
[Result "1/2-1/2"]
[WhiteElo "2819"]
[BlackElo "2791"]

1.e4 g6 2.h4 Bg7 3.h5 c5 4.Nc3 Nc6 5.Bc4 e6 6.Nf3 Nge7 7.d3 d5 8.Bb5 d4 9.Bxc6+ Nxc6
10.Ne2 e5 11.Bg5 f6 12.Bd2 g5 13.c3 Be6 14.Qa4 h6 15.Rc1 O-O 16.cxd4 cxd4
17.Ng3 Qd7 18.O-O Rfc8 19.Rc2 Qf7 20.b4 a6 21.Rfc1 Bf8 22.Nh2 b5 23.Qa3 Qd7
24.Qb2 Ne7 25.f3 Rxc2 26.Rxc2 Rc8 27.a3 Kf7 28.Qc1 Rxc2 29.Qxc2 Qc8 30.Qxc8 Bxc8
31.Ng4 Bg7 32.Kf2 Be6 33.Ke2 Nc8 34.Nf5 Bxf5 35.exf5 Nd6 36.Nf2 Nxf5 37.Ne4 Bf8
38.g4 Ng7 39.Ng3 Ke6 40.Be1 Ne8 41.Kd1 Nd6 42.Ne4 Nf7 43.Ng3 Nd6 44.Ne4 Nc8
45.Ng3 Ne7 46.Kc2 f5 47.Bd2 fxg4 48.fxg4 Nd5 49.Ne4 Nf6 50.Nxf6 Kxf6 51.Be1 Ke6
52.Bg3 Kd5 53.Kd2 e4 54.Ke2 e3 55.Bc7 Bd6 56.Bd8 a5 57.Bxa5 Be7 58.Bb6 Ke5
59.Kf3 Kd5 60.Bc7 Bf6 61.Bb6 Be7 62.Bc7 Bf6 63.Bb6 Be7 64.Bc7 Bf6  1/2-1/2

[Event "chess.com SF Blitz 1m+1spm 2016"]
[Site "chess.com INT"]
[Date "2016.08.24"]
[Round "28"]
[White "Nakamura,Hi"]
[Black "Vachier Lagrave,M"]
[Result "1-0"]
[WhiteElo "2791"]
[BlackElo "2819"]

1.b3 Nf6 2.Bb2 g6 3.e3 Bg7 4.Nf3 O-O 5.d4 d5 6.Be2 c6 7.O-O Re8 8.c4 Nbd7
9.Nc3 e6 10.Rc1 b6 11.Ne5 Bb7 12.cxd5 exd5 13.f4 a6 14.Bf3 c5 15.dxc5 Nxc5
16.Qe2 Nfe4 17.Rfd1 Bxe5 18.fxe5 Qg5 19.Nxd5 Rad8 20.Nf4 a5 21.Bd4 Ba6 22.Qc2 Bb7
23.Bxc5 Nxc5 24.Bxb7 Nxb7 25.e6 fxe6 26.Rxd8 Nxd8 27.Qc7 Nf7 28.Qxb6 e5 29.Nd5 e4
30.Nf6+  1-0